Statistics for Cities of Connecticut

Click here to take the quiz!

General Stats

  • This quiz has been taken 4 times
  • The average score is 10 of 21

Answer Stats

CountyPopulationAnswer% Correct
Fairfield144,229Bridgeport
100%
Hartford124,775Hartford
100%
New Haven129,779New Haven
100%
New London27,620New London
100%
Fairfield80,893Danbury
75%
New London10,010Groton
75%
Hartford61,353Bristol
50%
Fairfield85,603Norwalk
50%
Fairfield122,643Stamford
50%
New Haven110,366Waterbury
50%
New Haven52,721West Haven
50%
New Haven18,531Ansonia
25%
New Haven12,903Derby
25%
Middlesex47,481Middletown
25%
New Haven52,759Milford
25%
Hartford71,254New Britain
25%
Fairfield39,559Shelton
25%
Litchfield7,321Winsted (Winchester)
25%
New Haven59,653Meriden
0%
New London40,493Norwich
0%
Litchfield36,383Torrington
0%

Score Distribution

Percentile by Number Answered

Percent of People with Each Score

Your Score History

You have not taken this quiz